Image Processing and Communications Challenges 7

This book contains papers accepted for IP&C 2015, the International Conference on Image Processing and Communications, held at UTP University of Science and Technology, Bydgoszcz, Poland, September 9-11, 2015. This conference was the eighth edition in the IP&C series of annual conferences. T...

Full description

Bibliographic Details
Corporate Author: SpringerLink (Online service)
Other Authors: Choraś, Ryszard S. (Editor)
Format: Electronic eBook
Language:English
Published: Cham : Springer International Publishing : Imprint: Springer, 2016.
Series:Advances in Intelligent Systems and Computing, 389
Subjects:
Online Access:Full Text via HEAL-Link
LEADER 02392nam a22004815i 4500
001 978-3-319-23814-2
003 DE-He213
005 20170520122527.0
007 cr nn 008mamaa
008 151014s2016 gw | s |||| 0|eng d
020 |a 9783319238142  |9 978-3-319-23814-2 
024 7 |a 10.1007/978-3-319-23814-2  |2 doi 
040 |d GrThAP 
050 4 |a Q342 
072 7 |a UYQ  |2 bicssc 
072 7 |a COM004000  |2 bisacsh 
082 0 4 |a 006.3  |2 23 
245 1 0 |a Image Processing and Communications Challenges 7  |h [electronic resource] /  |c edited by Ryszard S. Choraś. 
264 1 |a Cham :  |b Springer International Publishing :  |b Imprint: Springer,  |c 2016. 
300 |a X, 310 p. 137 illus., 69 illus. in color.  |b online resource. 
336 |a text  |b txt  |2 rdacontent 
337 |a computer  |b c  |2 rdamedia 
338 |a online resource  |b cr  |2 rdacarrier 
347 |a text file  |b PDF  |2 rda 
490 1 |a Advances in Intelligent Systems and Computing,  |x 2194-5357 ;  |v 389 
520 |a This book contains papers accepted for IP&C 2015, the International Conference on Image Processing and Communications, held at UTP University of Science and Technology, Bydgoszcz, Poland, September 9-11, 2015. This conference was the eighth edition in the IP&C series of annual conferences. This book and the conference have the aim to bring together researchers and scientists in the broad fields of image processing and communications, addressing recent advances in theory, methodology and applications. The book will be of interest to a large group of researchers, engineers and practitioners in image processing and communications. 
650 0 |a Engineering. 
650 0 |a Artificial intelligence. 
650 0 |a Computational intelligence. 
650 0 |a Electrical engineering. 
650 1 4 |a Engineering. 
650 2 4 |a Computational Intelligence. 
650 2 4 |a Artificial Intelligence (incl. Robotics). 
650 2 4 |a Signal, Image and Speech Processing. 
650 2 4 |a Communications Engineering, Networks. 
700 1 |a Choraś, Ryszard S.  |e editor. 
710 2 |a SpringerLink (Online service) 
773 0 |t Springer eBooks 
776 0 8 |i Printed edition:  |z 9783319238135 
830 0 |a Advances in Intelligent Systems and Computing,  |x 2194-5357 ;  |v 389 
856 4 0 |u http://dx.doi.org/10.1007/978-3-319-23814-2  |z Full Text via HEAL-Link 
912 |a ZDB-2-ENG 
950 |a Engineering (Springer-11647)